| 000 | 00724nam a22002057a 4500 | ||
|---|---|---|---|
| 005 | 20100724155340.0 | ||
| 010 | _aENG-96676 | ||
| 020 |
_a9788170651246 _c300.00 |
||
| 035 | _aEN-80209 | ||
| 037 | _bDBAD/PUB | ||
| 082 | _a371.26 | ||
| 100 |
_aNavathe, D.V. _91319 |
||
| 245 |
_aCoaching and practice: _bIntelligence measurement tests / _cby D.V. Navathe |
||
| 250 | _a2nd ed. | ||
| 260 |
_aNew Delhi _bAsha Prakashan Greh _c2009 |
||
| 270 |
_a30, Naiwala, Karol Bagh _bNew Delhi _e110005 |
||
| 300 |
_avi, 215p. _c22cm. (Hb) |
||
| 942 |
_2ddc _cEN _h371.26 _mNAV |
||
| 999 |
_c37604 _d37604 |
||